| 000 | 00704nam a2200217 4500 | ||
|---|---|---|---|
| 001 | 122449 | ||
| 003 | ES-MaACL | ||
| 005 | 20230906191959.0 | ||
| 007 | t| | ||
| 008 | 070214s1961 sp r ||||1| spa d | ||
| 110 | 2 |
_aMovimiento Nacional (España). _bDelegación Nacional de Prensa, Propaganda y Radio. _95783 |
|
| 245 | 1 | 3 |
_aEl pueblo español _b: nuevo horizonte de la democracia. |
| 260 |
_aMadrid : _bEdiciones del Movimiento, _c1961. |
||
| 300 |
_a57 p. ; _c22 cm. |
||
| 490 | 1 | _aNuevo horizonte | |
| 651 | 4 |
_aEspaña- _xHistoria- _y1955-1975. _98337 |
|
| 710 | 2 |
_aEdiciones del Movimiento. _9171800 |
|
| 830 | 1 |
_aNuevo horizonte _9181183 |
|
| 852 |
_aES-MaACL _jC-25415 |
||
| 999 |
_c122449 _d122449 |
||